[Event "Swiss Queens Wed #39"]
[Site "FIDE Online Arena INT"]
[Date "2024.10.23"]
[Round "1"]
[White "Blinova, Sofia"]
[Black "Tarasenka, Aliaksandra"]
[Result "1-0"]
[WhiteElo "1732"]
[BlackElo "2144"]
[PlyCount "83"]
[EventDate "2024.10.23"]
[EventType "swiss (blitz)"]
[EventRounds "11"]
[EventCountry "NET"]
[SourceTitle "CB44_2024"]
[Source "Chessbase"]
[SourceDate "2024.10.30"]
[SourceVersion "1"]
[SourceVersionDate "2024.10.30"]
[SourceQuality "1"]

1. e4 c5 2. Nf3 e6 3. d4 cxd4 4. Nxd4 Nf6 5. Nc3 Bb4 6. Ndb5 0-0 7. a3 Bxc3+ 8. Nxc3 Nc6 9. Bd3 d5 10. exd5 exd5 11. 0-0 d4 12. Ne4 Bf5 13. Bg5 Bxe4 14. Bxe4 Qd6 15. Bd3 Ne5 16. Bf4 Qd5 17. Re1 Rfe8 18. Qd2 Rac8 19. Bxe5 Rxe5 20. Rxe5 Qxe5 21. Re1 Qc5 22. Qf4 h6 23. Qf3 Qb6 24. b3 Qa5 25. Re7 Qxa3 26. Qxb7 Qa1+ 27. Bf1 Rf8 28. Qxa7 Qc3 29. Qc7 Qa1 30. Qc4 Qd1 31. h3 h5 32. Kh2 Qd2 33. Be2 Qf4+ 34. Kg1 Qc1+ 35. Kh2 Qf4+ 36. Kg1 h4 37. Bd3 Qc1+ 38. Kh2 Qf4+ 39. Kg1 g5 40. Bg6 Kg7 41. Bxf7 Kh6 42. Qd3 1-0

[Event "RUS-chT Rapid (Women)"]
[Site "Sochi"]
[Date "2024.10.18"]
[Round "5.1"]
[White "Tarasenka, Aliaksandra"]
[Black "Charochkina, Daria"]
[Result "0-1"]
[WhiteElo "2144"]
[BlackElo "2323"]
[PlyCount "58"]
[EventDate "2024.10.18"]
[EventType "team-swiss (rapid)"]
[EventRounds "9"]
[EventCountry "RUS"]
[SourceTitle "CB43_2024"]
[Source "Chessbase"]
[SourceDate "2024.10.23"]
[SourceVersion "1"]
[SourceVersionDate "2024.10.23"]
[SourceQuality "1"]
[WhiteTeam "Belarus (W)"]
[BlackTeam "Moscow Sbornaya (W)"]
[WhiteTeamCountry "BLR"]
[BlackTeamCountry "RUS"]

1. e4 c6 2. Nc3 d5 3. Nf3 dxe4 4. Nxe4 Nf6 5. Qe2 Nxe4 6. Qxe4 Nd7 7. Bc4 Nf6 8. Ne5 e6 9. Qe2 b5 10. Bd3 Qc7 11. a4 Bd6 12. Nxc6 b4 13. Nd4 a6 14. Nf5 Bb7 15. Nxd6+ Qxd6 16. 0-0 Rd8 17. Bc4 h5 18. d3 Ng4 19. f4 Qc5+ 20. Kh1 h4 21. h3 Nh6 22. Be3 Qe7 23. Kg1 Nf5 24. Bf2 Rh6 25. d4 Rg6 26. d5 Rxd5 27. Bxa6 Re5 28. Qxe5 Rxg2+ 29. Kh1 Rxf2+ 0-1